[Event "Biel Accentus"]
[Site "Biel"]
[Date "2011.07.23"]
[Round "5"]
[White "Pelletier, Yannick"]
[Black "Shirov, Alexei"]
[Result "1/2-1/2"]
[WhiteElo "2590"]
[BlackElo "2714"]
[Annotator "Pelletier,Y"]
[PlyCount "75"]
[EventDate "2011.07.18"]
[EventType "tourn"]
[EventRounds "10"]
[EventCountry "SUI"]
[EventCategory "19"]
[SourceTitle "CBM 144"]
[Source "ChessBase"]
[SourceDate "2011.09.16"]
[SourceVersion "1"]
[SourceVersionDate "2011.09.16"]
[SourceQuality "1"]

1. d4 d5 2. c4 c6 3. Nf3 Nf6 4. Nc3 e6 5. Bg5 dxc4 {Etwas überraschend, da
Shirov diesen Zug schon einige Jahre nicht mehr gespielt hatte. Ich hatte aber
eine Gegenüberraschung geplant.} 6. a4 Bb4 7. e4 Qa5 8. Bd2 c5 9. dxc5 {
Von dieser Neuerung erhofft sich Weiß nur, den Gegner aus seinen Kenntnissen
zu bringen.} ({Genauso wie nach dem üblichen Zug} 9. Bxc4 cxd4 10. Nxd4 O-O {
hat Schwarz kaum Probleme.}) 9... Nc6 {Es gab mehrere Alternativen.} 10. Bxc4
Qxc5 11. Qe2 e5 {Ein guter Zug, der dem Bc8 den Weg öffnet. Ohne diesen
Vorstoß muss Schwarz auch ständig mit der Möglichkeit rechnen, dass Weiß
selber e5 spielt.} 12. Be3 $2 {Ab hier spielen wir für eine Weile beide
schlecht.} (12. O-O Bg4 13. Rac1 Nd4 14. Bb5+ Qxb5 $5 15. Qxb5+ Nxb5 16. Nxb5
Bxd2 17. Nxd2 Rd8 {bringt nicht viel ein, aber vielleicht sollte einfach Bg4
mittels}) (12. h3 {verhindert werden. Nach} O-O 13. O-O Be6 $5 14. Bxe6 fxe6
15. Rac1 Qe7 16. Be3 {darf sich Weiß einen kleinen Vorteil erhoffen.}) 12...
Qe7 $2 ({Nach} 12... Nd4 13. Qd3 {übersah Shirov den starken Zug} Nc2+ $1 {
Ich hatte darauf} 14. Ke2 Nxe3 15. Bb5+ {geplant, leider aber das einfache} Ke7
{verpasst, wonach Schwarz besser steht.}) 13. O-O Bxc3 ({Den Nc3 nach d5
zuzulassen, wäre gefährlich} 13... O-O 14. Nd5 Nxd5 15. exd5 e4 ({oder} 15...
Na5 16. Ba2 $36) 16. dxc6 exf3 17. Qxf3 bxc6 18. Rfd1 $14 ({aber nicht} 18.
Qxc6 $2 Bb7 19. Qb5 Qe4 $19 {Die Schwäche auf c6 läuft nicht davon.})) 14. bxc3
O-O (14... Nxe4 $6 {haben wir beide wegen} 15. Bd5 $6 Nf6 16. Bxc6+ bxc6 17.
Qc4 {für schlecht gehalten. Aber eigentlich verteidigt der Computer diese
Stellung mittels} O-O $1 18. Bc5 Ba6 $1 $11 {Weiß setzt aber richtig mit 15.
Bc1! fort und behält eine gefährliche Initiative.}) 15. Bc1 $1 {Eine gute Idee.
.. leider kommen wir bald zu Fehlern zurück!} Qc7 16. Ba3 Rd8 (16... Re8 17.
Rfd1 $14) 17. h3 $6 ({Ich verzichtete auf meine ursprüngliche Idee} 17. Ng5 {
, weil ich nach} Bg4 $6 (17... Rd7 18. Rfd1 Rxd1+ 19. Rxd1 Bg4 20. f3 Bh5 {
ist nur leicht besser für Weiß.}) {den starken taktischen Schlag} 18. Bxf7+ $1
Qxf7 19. f3 Qg6 $2 (19... Bxf3 20. Rxf3 Qb3 21. Qb5 $16) 20. Qa2+ $1 $18 {
übersah.}) 17... Na5 18. Ba2 Be6 {Nun muss sich Weiß bereits um den Ausgleich
bemühen.} 19. Bxe6 fxe6 20. Rfd1 (20. Qb5 Nxe4 21. Rfe1 Rd5 {geht nicht gut,
aber}) (20. Bb4 Nc4 21. a5 {war möglich.}) 20... Qc4 (20... Qxc3 21. Be7 Rxd1+
22. Rxd1 {verspricht Weiß genug Kompensation}) ({Vielleicht war aber} 20... b6
{besser als der forcierende Textzug.}) 21. Qxc4 Nxc4 22. Be7 $1 {Weiß erobert
nun die d-Linie, was ihm Gegenchancen verspricht.} Rxd1+ 23. Rxd1 Nxe4 (23...
b6 24. Bxf6 gxf6 25. Rd7 a5 26. g4 $132 {[%csl Rg8]}) 24. Rd7 Nb6 ({Genauer war
} 24... b6 25. Rc7 Nb2 26. Nxe5 Nxa4 27. c4 {, aber die weißen Figuren sind
aktiv genug, um das Gleichgewicht zu halten.}) 25. Rxb7 Nxa4 26. c4 (26. Nxe5
Naxc3 27. f3 $11 {war auch möglich, aber ich bekam plötzlich wieder
Gewinnideen.}) 26... Nac5 27. Rc7 Nd3 28. c5 Rb8 $1 {Der Einsatz dieses Turms
garantiert die Punkteteilung, auch wenn die folgenden Varianten noch wild sind.
} 29. Bd6 ({Komischerweise führen die meisten Varianten zum Remis, z.B:} 29. c6
Rb1+ 30. Kh2 Ndxf2 31. Ng1 (31. g4 Rb2 $11) 31... Nd2 32. g4 Nfe4 33. Rb7 Rf1
34. Bh4 Rf8 $11 {Mit wenig Zeit übrige verzichtete ich verständlicherweise auf
eine Verteidigung mit g4 ...}) ({Der prophylaktische Zug} 29. Kh2 {macht Sinn,
falls Weiß nach} Rb1 {die Idee} 30. Ng5 {sieht. Trotzdem hält Schwarz nach}
Nxg5 31. Bxg5 Nxf2 32. c6 Rh1+ 33. Kg3 Ne4+ 34. Kg4 Nxg5 35. Rd7 {problemlos,
u.a. mit} Nxh3 36. c7 h5+ 37. Kxh5 Nf4+ 38. Kg5 Rc1 39. Rd8+ Kf7 40. c8=Q Rxc8
41. Rxc8 Nxg2 $11) 29... Rb1+ 30. Kh2 Ndxf2 31. Rc8+ ({Wieder fehlte mir der
Mut zu} 31. g4 {, auch wenn hier nur Menschen Risiken fühlen können. Der
Computer zeigt fast überall Remis! Eine Variante setzt fort mit} Rb2 32. Rc8+
Kf7 33. Rf8+ Kg6 34. Nxe5+ Kg5 35. Be7+ Nf6 36. c6 Rc2 $11 {Schwarz ist aktiv
genug.}) 31... Kf7 32. Nxe5+ Kf6 33. Rf8+ Kg5 34. Nf7+ ({Es gibt nichts
Besseres als Dauerschach.} 34. Be7+ Kh6 $11) 34... Kg6 35. Ne5+ Kh6 36. Nf7+
Kg6 37. Ne5+ Kh6 38. Nf7+ 1/2-1/2

[Event "SUI-chT"]
[Site "Switzerland"]
[Date "1999.??.??"]
[Round "2.3"]
[White "Moor, Olivier"]
[Black "Pelletier, Yannick"]
[Result "1-0"]
[WhiteElo "2304"]
[BlackElo "2483"]
[Annotator "Pelletier,Y"]
[PlyCount "91"]
[EventDate "1999.01.??"]
[EventType "team-tourn"]
[EventRounds "9"]
[EventCountry "SUI"]
[SourceTitle "EXT 2001"]
[Source "ChessBase"]
[SourceDate "2000.11.22"]
[SourceVersion "1"]
[SourceVersionDate "2000.11.22"]
[SourceQuality "1"]

1. d4 d5 2. c4 c6 3. Nf3 Nf6 4. Nc3 e6 5. Bg5 dxc4 6. e4 b5 7. a4 Qb6 8. Bxf6
gxf6 9. Be2 Bb4 $2 (9... Bb7 10. O-O a6 {ist die normale Fortsetzung.}) 10. O-O
$2 (10. d5 $1 $16 {widerlegt den schwarzen Fehler; siehe Soln-Sulava, Bled 1995
}) 10... Bb7 11. d5 $5 {Dieser direkte Versuch, ist nun nicht so stark wie im
früheren Zug.} (11. Qc2) (11. Qd2) 11... Bxc3 (11... cxd5 12. axb5 (12. Nxb5 a6
13. Nc3 dxe4 14. Nd2 Rg8 15. Nxc4 Qc5 $17) 12... dxe4 13. Nd2 Rg8 14. Nxc4 (14.
Ncxe4 Nd7 $1) 14... Qc5 $15) 12. bxc3 (12. dxc6 Bxc6 13. bxc3 bxa4 $5 14. Nd2
O-O 15. Nxc4 Qc5 $15) 12... cxd5 13. axb5 (13. exd5 Bxd5 14. Rb1 (14. axb5 Qxb5
15. Qd4 Nd7 16. Rxa7 Rxa7 17. Qxa7 Rg8 $15) 14... a6 15. axb5 axb5 16. Qd4 (16.
Nd4 Ra5) 16... Qxd4 17. Nxd4 Rg8 18. g3 Nc6 19. Nxb5 {versprach vermutlich
bessere Chancen, da der schwarze Mehrbauer von keinem grossen Wert ist.}) 13...
dxe4 (13... Nd7 $5 14. exd5 Bxd5 15. Nd4 Rg8 16. g3 Nc5 {[%csl Gd5] wäre
besser gewesen, da der Bd5 sich als sehr starke Figur erweisen wird.}) 14. Nd2
O-O (14... Qxb5 15. Nxc4 O-O {kommt aufs gleiche, während 15.Rb1?! Qd7 für
Weiss schlechter ist.}) 15. Nxc4 (15. Rb1 {verdiente vielleicht den Vorzug,
aber Weiss verfolgt seine aggressive Strategie.} Nd7 16. Nxc4 Qc7 $15) 15...
Qxb5 $8 (15... Qc5 16. Qd6) (15... Qc7 16. Qd6 Rc8 17. Rfd1) 16. Ra5 $1 {
[%cal Ya1a5,Ya5h5] Dies ist klar die beste Chance. Der Ra1 wird auf den
Königsflügel überführt.} (16. Nd6 Qd5) (16. Rb1 Qd5 17. Qb3 Bc6 18. Rfd1 Qg5) (
{und} 16. Na5 Qd5 {sind sichtlich schwächer.}) 16... Qd7 17. Qc1 Bd5 $4 {
[%csl Ra5][%cal Ra5d5,Yc1h6,Gc4e3,Ge3f5,Ge3g4] Ein katastrophaler Zug, der
seine Ursache in der Unterschätzung des weissen Angriffs findet. Es war mir
genug, dem Ra5 den Weg zum KF zu sperren, aber leider kommt auch der Nc4 zum
Wort.} ({Nach} 17... Qe7 $1 {[%mdl 256] wäre Schwarz im Vorteil geblieben:} 18.
Rh5 (18. Qh6 f5 $17 {[%csl Ra5]}) 18... f5 19. Qh6 f6 {[%cal Ge7h7]} 20. Ne3 {
[%csl Rf5][%cal Ye2c4,Yc4g8]} Ba6 21. Bd1 $5 Bxf1 (21... Nd7 $6 22. Bb3 Nc5 23.
Nxf5 Qc7 24. Rh3 Kh8 25. Nh4 {mit Angriff.}) 22. Bb3 Bc4 $1 {[%cal Ra1h1,Rh1a1]
} ({ein wichtiger Zwischenzug, der in einigen Varianten die Schwäche der
weissen Grundreihe unterzeichnet:} 22... Rf7 $2 23. Nxf5 Qd7 24. Bxe6 $1 Qxe6
25. Rg5+ $18) 23. Bxc4 Rf7 $17 {und nun ist} 24. Nxf5 Qd7 25. Bxe6 $4 {wegen} (
25. Nd4 $142 Qa4 $17) {wegen} 25... Qd1# {nicht mehr möglich.}) 18. Qh6 Nc6 $2
({Erst jetzt erkannte ich, dass} 18... Qd8 {nach 19.Ne3(?) Qxa5 20.Ng4 Nd7 21.
Nxf6 Nxf6 22.Qg5 zum Dauerschach führt. Ich entschied mich um eine mutigere
Fortsetzung, die aber zwangsläufig Material verliert. Um die Wahrheit zu sagen,
steht Weiss nach 18...Qd8 auch klar besser, z.B:} 19. Rfa1 $5 (19. Rd1 Re8 (
19... Nd7 20. Raxd5 $1 exd5 21. Rxd5 Re8 22. Bg4 $16) 20. Raa1 {ist ebenfalls
gefährlich}) 19... Nc6 20. Ne3 $1 {[%cal Ge3g4,Gg4f6]} Nxa5 21. Ng4 f5 22. Nf6+
Qxf6 23. Qxf6 Nc4 {Das Damenopfer ist zwar besser hier als in der Partie, aber
es unterliegt keinen Zweiffel, dass Weiss gewinnen sollte.}) 19. Ne3 Nxa5 (
19... Ne5 20. Qxf6 (20. c4 Bc6 21. Rxe5 fxe5 22. Qg5+ Kh8 23. Qf6+ Kg8 24. Ng4
$18) 20... Qd8 21. Qxe5 Qxa5 22. Qg5+ Kh8 23. Qf6+ Kg8 24. Ng4 $18) ({und} 
19... f5 20. Rxd5 {sind hoffnungslos.}) 20. Ng4 Qe7 21. Nxf6+ Qxf6 22. Qxf6 $18
Rab8 23. h4 Rb2 24. Re1 (24. h5 h6 25. Bg4 Kh7 26. Bf5+ Kg8 27. Qxh6 exf5 28.
Qg5+ Kh8 29. Qf6+ $18) 24... Ra2 25. h5 (25. c4 Rxe2 $1 26. Rxe2 Nxc4 $16)
25... h6 26. Bf1 (26. Qxh6 f5 27. Qg5+ Kh8 28. Qe7 Rg8 29. Qxa7 $18) 26... Kh7
27. c4 Nxc4 28. Bxc4 Bxc4 29. Rxe4 Be2 30. Qe5 (30. Rxe6 fxe6 31. Qg6+ $18)
30... Bd3 31. Rg4 Rg8 32. Rxg8 Kxg8 33. Qg3+ Kf8 34. Qxd3 Ra1+ 35. Kh2 Ra4 36.
g3 Kg8 37. Qe3 Kh7 38. Qe5 (38. Qf3 Kg7 39. Qc3+ Kg8 40. Qf6) 38... Rc4 39. f4
a6 40. Qe2 Rc5 41. g4 a5 42. Qd3+ Kg8 43. Qd8+ Kh7 44. Qf6 Rc7 45. g5 hxg5 46.
h6 1-0

[Event "SUI-chT"]
[Site "Switzerland"]
[Date "2007.09.01"]
[Round "6.2"]
[White "Pelletier, Yannick"]
[Black "Hort, Vlastimil"]
[Result "1-0"]
[WhiteElo "2591"]
[BlackElo "2471"]
[Annotator "Pelletier,Y"]
[PlyCount "62"]
[EventDate "2007.02.25"]
[EventType "team-tourn"]
[EventRounds "9"]
[EventCountry "SUI"]
[SourceTitle "EXT 2008"]
[Source "ChessBase"]
[SourceDate "2007.11.25"]
[SourceVersion "1"]
[SourceVersionDate "2007.11.25"]
[SourceQuality "1"]
[WhiteTeam "Biel"]
[BlackTeam "Reichenstein"]
[WhiteTeamCountry "SUI"]
[BlackTeamCountry "SUI"]

1. d4 d5 2. c4 c6 3. Nf3 Nf6 4. Nc3 e6 5. Bg5 h6 6. Bh4 dxc4 7. e4 b5 {Eine
ungewöhnliche Zugfolge, um ins Botwinnik-System zu kommen. Schwarz spielt ja
nämlich seit einigen Jahren 5...h6 vor dxc4, um das Botwinnik-System zu
vermeiden (7...g5 8.Bg3 b5). Aber wer hat je behauptet, dass dieses System
schlecht ist ?!} 8. e5 g5 9. Nxg5 hxg5 10. Bxg5 Nbd7 11. exf6 Qa5 12. Be2 ({
Mit dem Textzug versucht Weiss, von der gegnerischen Zugfolge zu profitieren.
11...Qa5 ist nämlich gegen 11.g3 üblicher und gilt auch als spielbar. Daher
suchte ich hier nach einer Alternative. Es stellt sich aber heraus, dass} 12.
g3 {trotzdem vorzuziehen ist.}) 12... Bb7 13. O-O O-O-O 14. Qc2 ({Weiss ist in
Schwierigkeiten geraten, weil sein König schlecht geschützt ist. Er braucht
einen Läufer auf g2, um den mächtigen Vorstoss c6-c5 zu entschärfen. Nach} 14.
a4 b4 15. Ne4 c5 {oder}) (14. Qc1 c5 15. Rd1 {(Onischuk-Shabalov, USA-ch
Stillwater 2007)} Bd6 $1 16. Bf4 Qc7 17. Bg3 a6 {hat Schwarz eine
aussichtsreiche Stellung.}) 14... c5 ({Im Fall von} 14... Qc7 $6 15. h4 Bh6 16.
f4 Bxg5 17. hxg5 {darf Weiss auf Vorteil hoffen.}) ({Auf} 14... Bh6 {hatte ich
unbewusst die Neuerung} 15. Bh4 {geplant. Das Spiel nach} Bf8 (15... Bf4 16.
Bg3 Bxg3 17. fxg3) 16. Bg3 Nxf6 17. a4 b4 18. Ne4 Nxe4 19. Qxe4 Qd5 20. Qc2 Ba6
21. Rfc1 Bh6 22. Bxc4 Bxc4 23. Qxc4 Bxc1 24. Qa6+ Kd7 25. Qxa7+ Ke8 26. Rxc1
Rh5 {ist unklar.}) 15. a4 $146 (15. dxc5 $2 Bxc5 16. Ne4 Qc7 {[%csl Rg1][%cal
Gc7h2,Gb7g2]}) 15... b4 16. Ne4 Qc7 17. h4 b3 ({Wenn} 17... cxd4 18. Bxc4 Nc5
19. Nxc5 Bxc5 20. Rfc1 {nicht so klar ist}) ({behält Schwarz aber nach} 17...
Bh6 $1 18. f4 Bxg5 19. hxg5 c3 {die Initiative. Der Textzug verjagt eine
Zeitlang die weissen Figuren, schwächt aber den b-Bauern.}) 18. Qb1 cxd4 19.
Bxc4 Kb8 ({Vorzuziehen war wohl} 19... Nc5 20. Bd3 Bxe4 21. Bxe4 Bh6 22. Bxh6
Rxh6 23. g3 $13) 20. Rc1 Qe5 21. Re1 $1 Bb4 22. Re2 {Auch wenn es nicht so
aussieht, hat eher Weiss die Stellung seiner Figuren verbessert.} Qa5 (22...
Qc7 23. Bxb3 Ne5 24. Qd1 $16) 23. Qd1 Ne5 24. Bb5 {[%cal Ga5e5] Ein wichtiger
Zug, der auf die folgende Variante (24...a6) basiert.} Rd5 $1 (24... a6 {
geht nicht gut wegen} 25. Bf4 Qc7 26. Qc1 $1 (26. Rc1 $2 Nf3+ $19) (26. Bg3 d3
$1 27. Re3 axb5 28. Rc1 Qc2 $1 29. Bxe5+ Ka7 30. axb5 d2 31. Nxd2 (31. b6+ Kxb6
32. Bc7+ Kxc7 33. Rxc2+ bxc2 34. Qxc2+ Kb6 35. Qd1 Rxh4 36. Ng3 Rc4 $19) 31...
Qxd1+ 32. Rxd1 Rxd2 33. Rxd2 Bxd2 34. Rd3 Ba5 $15) 26... axb5 27. Qxc7+ Kxc7
28. Ng5 $1 (28. Bxe5+ Kb6) 28... Bd6 (28... Rxh4 29. Bxe5+ Kb6 30. Bg3) 29.
Bxe5 Bxe5 30. Rxe5 Rd7 31. Rxb5 Rxh4 32. Rc1+ Kb8 33. Nf3 $16) 25. Nd2 Ka8 (
25... a6 26. Bf4 Bxd2 27. Rxd2 axb5 28. Rxd4) (25... Ng6 26. Nxb3 $36) 26. Rc1
$2 ({Weiss hätte einen gewissen Vorteil mittels} 26. Re4 {sichern können, z.B:}
Bxd2 (26... Qd8 27. Qxb3 Qd6 28. Qg3 $16) 27. Bxd2 Qb6 (27... Qd8 28. Qxb3 Rxb5
29. Qxb5 Bxe4 30. Qxe5 Rxh4 31. f3 $16) 28. Bf1 Nd7 29. a5 Qd6 30. a6 Bc6 31.
Rc1 $16) 26... d3 27. Rxe5 Rxe5 28. Nc4 ({Der Computer bleibt optimistisch nach
} 28. Nxb3 Qb6 29. Qxd3 a6 30. Bc4 {, aber Weiss muss nach} Rxg5 $1 {sogar
aufpassen, und die richtige Fortsetzung zum Remis finden:} 31. hxg5 Qc6 32. Qg3
Bd6 33. Bxe6 Qe4 34. Bf5 Qd5 35. Qf3 Qe5 36. Qg3 Qd5 $11) 28... d2 $2 ({
In Zeitnot irrt sich mein Gegner. Ich hatte den Zug} 28... Rxg5 $1 {im voraus
gesehen, dachte aber, dass Weiss mittels} 29. Nxa5 Rxg2+ 30. Kf1 {die
schwarzen Gegenchancen zunichte bringt. Aber den schönen Zug} Rg1+ $1 {hatte
ich übersehen. Schwarz hat hier Dauerschach:} 31. Kxg1 Rg8+ 32. Kf1 (32. Kh2 $2
Bd6+ 33. Kh3 Bg2#) 32... Bg2+ 33. Kg1 Bf3+ 34. Kf1 $11) 29. Bxd2 Bxd2 30. Nxa5
Bxa5 31. Qd7 Rg8 $138 {Hort überschritt in dieser hoffnungslosen Stellung die
Zeit.} 1-0

[Event "Tbilisi zt (Women)"]
[Site "Tbilisi"]
[Date "1999.??.??"]
[Round "3"]
[White "Prudnikova, Svetlana"]
[Black "Tqeshelashvili, Sopio"]
[Result "1-0"]
[WhiteElo "2415"]
[BlackElo "2321"]
[Annotator "Petronic,J"]
[PlyCount "59"]
[EventDate "1999.05.07"]
[EventType "swiss"]
[EventRounds "9"]
[EventCountry "GEO"]
[SourceTitle "EXT 2001"]
[Source "ChessBase"]
[SourceDate "2000.11.22"]
[SourceVersion "1"]
[SourceVersionDate "2000.11.22"]
[SourceQuality "1"]

1. Nf3 d5 2. d4 Nf6 3. c4 c6 4. Nc3 e6 5. Bg5 dxc4 6. e4 b5 7. e5 h6 8. Bh4 g5
9. Nxg5 hxg5 10. Bxg5 Nbd7 11. g3 Qb6 12. exf6 Bb7 13. Bg2 c5 14. d5 O-O-O 15.
O-O b4 16. Rb1 Bh6 (16... bxc3 17. bxc3 Qa6 18. Rxb7 $1 Qxb7 19. dxe6 $16) 17.
Bh4 Nf8 18. Qg4 Kc7 19. Rfd1 Bc8 20. Qxc4 bxc3 21. bxc3 Qd6 22. Rb5 $1 Nd7 23.
Qa4 $1 Ba6 24. dxe6 $1 Qxd1+ 25. Qxd1 Bxb5 26. Qd5 Rb8 27. exd7 Bxd7 28. Qxc5+
Kd8 29. Qe7+ Kc8 30. h3 1-0